|
|
|
|
| LEADER |
00000nas a2200000 a 4500 |
| 001 |
ssj0002655 |
| 003 |
WaSeSS |
| 005 |
20200512172242.0 |
| 006 |
m d |
| 007 |
cr n |
| 008 |
050119c19819999vauqr pss gv 0 a0eng c |
| 010 |
|
|
|a 2008228580
|
| 016 |
7 |
|
|a 2245570-X
|2 DE-600
|
| 022 |
|
|
|y 0735-9004
|
| 035 |
|
|
|a (WaSeSS)ssj0002655
|
| 037 |
|
|
|b Paper version available from: Virginia Tax Review Association, University of Virginia, School of Law, Charlottesville, Va. 22901
|
| 040 |
|
|
|a GAO
|b eng
|c GAO
|d OCLCQ
|d DOS
|d CSFLA
|d OCLCQ
|d HEBIS
|d OCLCQ
|d OCLCF
|d OCLCO
|d OCLCQ
|d WT2
|d OCLCQ
|d AU@
|d OCLCQ
|d WaSeSS
|
| 042 |
|
|
|a pcc
|
| 043 |
|
|
|a n-us---
|
| 050 |
|
4 |
|a K26
|b .I75
|
| 130 |
0 |
|
|a Virginia tax review (Online)
|
| 245 |
1 |
0 |
|a Virginia tax review
|h [electronic resource].
|
| 246 |
1 |
3 |
|a Va. Tax Rev
|
| 260 |
|
|
|a [Charlottesville, Va.] :
|b [Virginia Tax Review Association]
|
| 310 |
|
|
|a Quarterly,
|b summer 1985-
|
| 321 |
|
|
|a Semiannual,
|b 1981-winter 1985
|
| 362 |
0 |
|
|a Vol. 1, no. 1 (spring 1981)-
|
| 506 |
|
|
|a License restrictions may limit access.
|
| 538 |
|
|
|a Mode of access: World Wide Web.
|
| 588 |
0 |
|
|a First issue; title from table of contents page (Hein Online, viewed Apr. 7, 2008).
|
| 588 |
1 |
|
|a Vol. 26, no. 4 (spring 2007) (viewed Apr. 7, 2008).
|
| 650 |
|
0 |
|a Taxation
|x Law and legislation
|z United States
|v Periodicals.
|
| 650 |
|
7 |
|a Taxation
|x Law and legislation.
|2 fast
|0 (OCoLC)fst01143921
|
| 651 |
|
7 |
|a United States.
|2 fast
|0 (OCoLC)fst01204155
|
| 655 |
|
0 |
|a Electronic journals.
|
| 710 |
2 |
|
|a Virginia Tax Review Association.
|
| 776 |
1 |
|
|t Virginia tax review
|x 0735-9004
|w (DLC) 82646803
|w (OCoLC)7753500
|
| 856 |
4 |
0 |
|z Full text available from Research Library: 07/01/2004 to present
|u https://search.proquest.com/publication/38069
|